Top 100 Best Selling Manga - Statistics

General Stats
  • This quiz has been taken 326 times
  • The average score is 23 of 100
Answer Stats
Hint Answer % Correct
41 Initial D
96%
1 One Piece
95%
6 Naruto
92%
5 Dragon Ball
83%
13 Bleach
80%
7 Demon Slayer
69%
11 Attack on Titan
68%
20 Jujutsu Kaisen
68%
99 Death Note
63%
35 Berserk
62%
50 City Hunter
59%
27 Hunter x Hunter
58%
22 My Hero Academia
58%
100 Chainsaw Man
53%
71 Blue Lock
50%
4 Case Closed/Detective Conan
49%
29 Fullmetal Alchemist
49%
91 One-Punch Man
49%
36 Haikyu!!
47%
65 Tokyo Ghoul
47%
8 Slam Dunk
46%
14 JoJos Bizarre Adventure
44%
33 Fairy Tail
43%
68 Sailor Moon
40%
47 Shura no Mon
40%
28 Vagabond
39%
81 Shaman King
35%
2 Doraemon
32%
15 Kingdom
30%
82 Spy x Family
30%
45 Ranma 1/2
29%
32 Gintama
28%
19 Hajime no Ippo
27%
73 The Promised Neverland
27%
16 Astro Boy
25%
46 The Seven Deadly Sins
25%
31 Tokyo Revengers
23%
58 Nana
22%
83 20th Century Boys
21%
61 YuYu Hakusho
21%
24 Captain Tsubasa
19%
3 Golgo 13
19%
57 Inuyasha
19%
79 Yu-Gi-Oh!
19%
94 Fruits Basket
17%
93 Kaze Densetsu: Bukkomi no
15%
84 Black Butler
14%
52 Devilman
14%
92 3x3 Eyes
12%
10 Crayon Shin-chan
12%
18 Fist of the North Star
12%
56 Great Teacher Onizuka
12%
59 Saint Seiya
12%
42 That Time I Got Reincarnated as a Slime
12%
34 Rurouni Kenshin
11%
98 Kuroko’s Basketball
9%
17 Baki the Grappler
8%
74 Be-Bop High School
8%
25 Sazae-san
7%
70 Ace of Diamond
6%
78 The Apothecary Diaries
6%
39 The Prince of Tennis
6%
63 Black Jack
5%
85 Kimi ni Todoke
5%
37 Major
5%
40 Rokudenashi Blues
5%
23 Touch
5%
89 Urusei Yatsura
5%
51 Cobra
4%
67 Dear Boys
4%
9 KochiKame: Tokyo Beat Cops
4%
12 Oishinbo
4%
96 Yowamushi Pedal
4%
38 Boys Over Flowers
3%
44 H2
3%
77 Kyō Kara Ore Wa!!
3%
97 A Certain Magical Index
2%
43 Bad Boys
2%
66 Crows
2%
62 Dokaben
2%
53 Dragon Quest: The Adventure of Dai
2%
55 Glass Mask
2%
87 Itazura na Kiss
2%
26 Kinnikuman
2%
80 Nodame Cantabile
2%
30 Sangokushi
2%
72 Shonan Junai Gumi
2%
60 Shoot!
2%
21 The Kindaichi Case Files
2%
90 Worst
2%
75 Cooking Papa
1%
76 Crest of the Royal Family
1%
54 Fisherman Sanpei
1%
64 Kosaku Shima
1%
48 Minami no Teiō
1%
88 Salary Man Kintaro
1%
49 Super Radical Gag Family
1%
86 The Chef
1%
95 The Silent Service
1%
69 Sizukanaru Don — Yakuza Side Story
0%
No matching quizzes found
Score Distribution
Percent of People with Each Score
Percentile by Number Answered
Your Score History
You have not taken this quiz